Mixed Word: Add a Letter Capitals Quiz Stats

 Plays Quiz Updated Nov 22, 2016

Challenge
Share
Tweet
Embed
Score 0/10 Timer 02:00
2 Plays Today
Capital Answer % Correct
DILILIVID
85.4%
SANASAUNA
75%
OSLOWOOLS
70.6%
SUVASUAVE
68.4%
DOHAHOARD
57.4%
BERNBRINE
53.5%
RIGACIGAR
51.9%
ROMEMETRO
34.5%
MALEMETAL
30.1%
LOMEGOLEM
15.5%

You're not logged in!

Compare scores with friends on all Sporcle quizzes.
OR
Log In

You Might Also Like...

Show Comments

Extras

Top Quizzes Today


Score Distribution

Your Account Isn't Verified!

In order to create a playlist on Sporcle, you need to verify the email address you used during registration. Go to your Sporcle Settings to finish the process.

Report this User

Report this user for behavior that violates our Community Guidelines.

Details: